MARC

LEADER 00000nam0a2200000 4500
001 362234
005 20231102011453.0
035 |a (RuTPU)RU\TPU\retro\19580 
035 |a RU\TPU\book\295498 
090 |a 362234 
100 |a 20210720d1980 k y0rusy5003 ca 
101 0 |a eng 
102 |a RU 
105 |a a z 001zy 
200 1 |a Проблемы современной радиотехники и электроники  |e сборник статей  |f Академия наук СССР (АН СССР), Институт радиотехники и электроники (ИРЭ) ; под ред. В. А. Котельникова 
210 |a Москва  |c Наука  |d 1980 
215 |a 480 с.  |c ил. 
320 |a Библиография в конце статей 
606 1 |a Радиоэлектроника  |2 stltpush  |3 (RuTPU)RU\TPU\subj\69507  |9 84342 
610 1 |a радиотехника 
610 1 |a электроника 
610 1 |a планеты 
610 1 |a радиолокация 
610 1 |a акустооптика 
610 1 |a природные ресурсы 
610 1 |a исследование 
610 1 |a дистанционные радиофизические методы 
610 1 |a миллиметровые электромагнитные волны 
610 1 |a субмиллиметровые электромагнитные волны 
610 1 |a электромагнитные излучения 
610 1 |a приемники 
610 1 |a полупроводники 
610 1 |a физические явления 
610 1 |a электронные потоки 
610 1 |a космическое пространство 
675 |a 621.37/.39  |z rus  |v 4 
702 1 |a Котельников  |b В. А.  |4 340 
712 0 2 |a Академия наук СССР (АН СССР)  |b Институт радиотехники и электроники (ИРЭ)  |c (Москва)  |2 stltpush  |3 (RuTPU)RU\TPU\col\14322 
801 0 |a RU  |b RuMRKP  |c 19950704  |g psbo 
801 1 |a RU  |b 63413507  |c 20141016 
801 2 |a RU  |b 63413507  |c 20210720  |g RCR 
942 |c BK